Score 0/25 Timer 08:00
0 Plays Today
% Correct
Rio de Janeiro 2175m (3500km)
92.9%
Paris 4058m (6530km)
85.7%
Buenos Aires 3342m (5378km)
85.7%
Buenos Aires 3342m (5378km)
85.7%
Rome 3844m (6186km)
81%
Bloemfontein/Cape Town/Pretoria 3018-3061m (4858-4926km)
81%
Barcelona 3570m (5745km)
78.6%
Madrid 3413m (5493km)
78.6%
Brasilia 2580m (4153km)
78.6%
Montevideo 3236m (5207km)
76.2%
Johannesburg 3060m (4924km)
73.8%
Athens 4016m (6463km)
66.7%
Turin 3915m (6301km)
66.7%
% Correct
AsunciĆ³n 3088m (4970km)
57.1%
Munich 4189m (6742km)
54.8%
Caracas 3832m (6167km)
54.8%
Rabat 2944m (4737km)
54.8%
Algiers 3292m (5297km)
42.9%
Paramaribo 2968m (4777km)
42.9%
St. Moritz 4051m (6519km)
40.5%
Grenoble 3882m (3882km)
40.5%
Albertville 3926m (6318km)
35.7%
Recife 1402m (2256km)
35.7%
Chamonix 3951m (6359km)
33.3%
Seville 3182m (5120km)
11.9%

You're not logged in!

Compare scores with friends on all Sporcle quizzes.
OR
Log In

Sporcle TV

Today on Sporcle TV


Watch our educational content, quiz creation guides, and fun videos on Sporcle TV.

Show Comments

Extras

Top Quizzes Today


Score Distribution

Paid Content

Your Account Isn't Verified!

In order to create a playlist on Sporcle, you need to verify the email address you used during registration. Go to your Sporcle Settings to finish the process.

Report this User

Report this user for behavior that violates our Community Guidelines.

Details: